000 00258nam a2200097Ia 4500
001 720890
005 20250826163241.0
008 250824s9999 xx 000 0 und d
245 0 _aKÖR KALBE AŞK DOKUNMAZ
_cAYŞE ÜNÜVAR
260 _bKARATAY AKADEMİ YAYINLARI
999 _c720890
_d720890